000 00806na a2200253 4500
001 21830
003 MIRAKIL
005 20181213155254.0
008 170220b tu 000 0
035 _a21830
040 _aMilas
_btur
_cTR-AnCHP
041 _atur
082 _aSHP 324.172
_bS36 [1992]
090 _aSHP 324.172 S36 [1992]
245 _aSHP Kastamonu il gençlik komisyonu raporu
_b7 Ekim 1989-21 Kasım 1992
_chazırlayan SHP İl Gençlik Komisyonu
260 _aKastamonu
_bSHP
_c1992
300 _ayaklaşık 300 s.
_btbl.
_c28 sm.
610 _aSHP
_xKomisyon raporları (1989-92)
650 _aSHP
_xİl Gençlik Komisyonları
_zKastamonu
710 _aSosyaldemokrat Halkçı Parti (SHP)
_bİl Gençlik Komisyonu
830 _aSHP yayınları
942 _2ddc
_cBKS
999 _c9688
_d9688